| 000 | 01324nam0a2200337 4500 | ||
|---|---|---|---|
| 001 | RU\NLR\BIBL_A\022728444 | ||
| 005 | 20260308044747.0 | ||
| 035 | _a(NLR Aleph) 022728444 | ||
| 090 |
_a13556646 _c13556646 |
||
| 100 | _a20260216d1928 u y0rusy50 ca | ||
| 101 | 0 | _aukr | |
| 102 | _aRU | ||
| 105 | _aa ba 000yy | ||
| 181 | 0 |
_ai _b xxe |
|
| 182 | 0 | _an | |
| 200 | 1 |
_aТеатральна бiблiотека _eКаталог п'ес _f[Державне видавництво Украïни] |
|
| 203 |
_aТекст _bвизуальный _cнепосредственный |
||
| 210 |
_aХаркiв _cДержавне вид-во Украïни _d1928 |
||
| 215 |
_a15 с. _cил. _d23 |
||
| 517 | 1 | _aКаталог п'ес | |
| 541 | 1 |
_aТеатральная библиотека _eКаталог пьес _zrus |
|
| 606 | 1 |
_aДраматургия украинская _jКаталоги _92475720 _3RU\NLR\AUTH\6601686850 |
|
| 686 | 3 | _aШ5(2=Ук)-336я2 | |
| 710 | 0 | 2 |
_7ca _8ukr _aДержавне видавництво Украïни _cХаркiв _9874760 _3RU\NLR\AUTH\880602909 |
| 852 |
_aNLR _j671Укр/Д-36 |
||
| 942 | _cUNSPEC | ||
| 980 | _aNB | ||